00479nam a2200169Ia 4500003000900000008004100009040001600050080001600066100001300082245008400095260003600179300001600215650002900231650002100260700001300281700001500294IN-BaIIA211028s9999 xx 000 0 eng d cIIA Library a621.38bKAZ aKazan, B 0aElectronic image storagecB. Kazan and M. Knoll; With contributions by W. Harth aNew York,bAcademic Pressc1968 axiii, 498p. aElectronic Image Storage aImage Processing aHarth, W aKnoll, Max